Statistics for Countries that are buying gold

Click here to take the quiz!

General Stats

  • This quiz has been taken 12 times
  • The average score is 6 of 10

Answer Stats

Net Purchases (tons):Answer% Correct
224.88China
100%
16.22India
91%
7.44Qatar
73%
12.25Iraq
55%
7.1Philippines
55%
76.51Singapore
55%
18.71Czechia
36%
30.01Libya
36%
103.03Poland
36%
6.95Kyrgyzstan
18%

Score Distribution

Percentile by Number Answered

Percent of People with Each Score

Your Score History

You have not taken this quiz